00884nam a2200229 a 450000100100000000500170001000800410002704000250006808200170009310000390011024501600014926000430030930000210035249000210037365000250039465000290041970000310044883000280047904900090050795201210051699900170063700001865520200929165833.0100512s1966 ag r 000 f spa d aDO-SdBNPbspacBNPHU a833.9bB829t1 aBrecht, Bertolt,d1898-195694029810aTeatro Completo :bIX tambores en la noche, en la espesura de las ciudades, Pieza didáctica de Baden-Baden /cBertolt Brecht ; traducción León Mames. aBuenos Aires :bNueva Visión,c1966. a156 p. ;c20 cm.1 aTeatro Universal 4aNovela alemana93302 4aLiteratura alemana932741 aMames, León,etr.940299 0aTeatro Universal940300 aBNGR 001054708MOaGRbGRcCTd2010-05-12iLF1l0o833.9 B829tp18655-10r2020-06-25w2020-06-25y4ZPréstamo en sala c18175d18175